Nueva literatura económica dominicana : (Record no. 43940)
[ view plain ]
| 000 -CABECERA | |
|---|---|
| campo de control de longitud fija | 01873nam a2200409 i 4500 |
| 001 - NÚMERO DE CONTROL | |
| campo de control | 000044451 |
| 003 - IDENTIFICADOR DEL NÚMERO DE CONTROL | |
| campo de control | DO-SdBNP |
| 005 - FECHA Y HORA DE LA ÚLTIMA TRANSACCIÓN | |
| campo de control | 20250307093321.0 |
| 007 - CAMPO FIJO DE DESCRIPCIÓN FÍSICA--INFORMACIÓN GENERAL | |
| campo de control de longitud fija | ta |
| 008 - DATOS DE LONGITUD FIJA--INFORMACIÓN GENERAL | |
| campo de control de longitud fija | 140701s2013 dr d 000 0 spa d |
| 020 ## - NÚMERO INTERNACIONAL ESTÁNDAR DEL LIBRO | |
| Número Internacional Estándar del Libro | 9789945443998 (v. 193) |
| 020 ## - NÚMERO INTERNACIONAL ESTÁNDAR DEL LIBRO | |
| Número Internacional Estándar del Libro | 9789945443622 (serie) |
| 040 ## - FUENTE DE LA CATALOGACIÓN | |
| Centro catalogador/agencia de origen | DO-SdBNP |
| Lengua de catalogación | spa |
| Centro/agencia transcriptor | BNPHU |
| Normas de descripción | rda |
| 082 #4 - NÚMERO DE LA CLASIFICACIÓN DECIMAL DEWEY | |
| Número de clasificación | 330.97293 |
| Número de documento/Ítem | C744n, 2012 |
| Número de edición | 22 |
| 111 2# - ENTRADA PRINCIPAL--NOMBRE DE CONGRESO/REUNIÓN | |
| Nombre de congreso/reunión o jurisdicción como elemento de entrada | Concurso Biblioteca Juan Pablo Duarte |
| 9 (RLIN) | 6999 |
| Fecha del congreso/reunión | (2012 : |
| Sede del congreso/Lugar de la reunión | Santo Domingo) |
| 245 10 - MENCIÓN DE TÍTULO | |
| Título | Nueva literatura económica dominicana : |
| Resto del título | premios del concurso de economía Biblioteca "Juan Pablo Duarte", 2012 / |
| Mención de responsabilidad, etc. | edición, José Alcántara Almánzar, Elvis Soto. |
| 264 #1 - PRODUCCIÓN, PUBLICACIÓN, DISTRIBUCIÓN, FABRICACIÓN Y COPYRIGHT | |
| Producción, publicación, distribución, fabricación y copyright | Santo Domingo : |
| Nombre del de productor, editor, distribuidor, fabricante | Banco Central de la República Dominicana, |
| Fecha de producción, publicación, distribución, fabricación o copyright | 2013. |
| 300 ## - DESCRIPCIÓN FÍSICA | |
| Extensión | xxii, 241 páginas : |
| Otras características físicas | ilustraciones, diagramas ; |
| Dimensiones | 23 cm. |
| 336 ## - TIPO DE CONTENIDO | |
| Fuente | rdacontent |
| Término de tipo de contenido | texto |
| Código de tipo de contenido | txt |
| 337 ## - TIPO DE MEDIO | |
| Fuente | rdamedIa |
| Nombre/término del tipo de medio | sin mediación |
| Código del tipo de medio | n |
| 338 ## - TIPO DE SOPORTE | |
| Fuente | rdacarrier |
| Nombre/término del tipo de soporte | volumen |
| Código del tipo de soporte | nc |
| 490 1# - MENCIÓN DE SERIE | |
| Mención de serie | Banco Central de la República Dominicana ; |
| Designación de volumen o secuencia | 193 |
| 490 1# - MENCIÓN DE SERIE | |
| Mención de serie | Nueva literatura económica ; |
| Designación de volumen o secuencia | 16 |
| 586 ## - NOTA DE PREMIOS | |
| Nota de premios | Premios de la biblioteca Juan Pablo Duarte 2012 |
| 590 ## - NOTA LOCAL (RLIN) | |
| Nota local | Inventariado, 2018/ YL |
| 650 #4 - PUNTO DE ACCESO ADICIONAL DE MATERIA--TÉRMINO DE MATERIA | |
| Término de materia o nombre geográfico como elemento de entrada | Política fiscal |
| Subdivisión geográfica | República Dominicana |
| Subdivisión de forma | Congresos, conferencias, etc. |
| 9 (RLIN) | 46037 |
| Fuente del encabezamiento o término | Lemb |
| 650 #4 - PUNTO DE ACCESO ADICIONAL DE MATERIA--TÉRMINO DE MATERIA | |
| Término de materia o nombre geográfico como elemento de entrada | Salarios |
| Subdivisión geográfica | República Dominicana |
| Subdivisión de forma | Congresos, conferencias, etc. |
| 9 (RLIN) | 72459 |
| 650 #4 - PUNTO DE ACCESO ADICIONAL DE MATERIA--TÉRMINO DE MATERIA | |
| Término de materia o nombre geográfico como elemento de entrada | Ciclos económicos |
| Subdivisión de forma | Congresos, conferencias, etc. |
| 9 (RLIN) | 72460 |
| 650 #4 - PUNTO DE ACCESO ADICIONAL DE MATERIA--TÉRMINO DE MATERIA | |
| Término de materia o nombre geográfico como elemento de entrada | Desarrollo económico |
| Subdivisión de forma | Congresos, conferencias, etc. |
| 9 (RLIN) | 12048 |
| Fuente del encabezamiento o término | Lemb |
| 700 1# - PUNTO DE ACCESO ADICIONAL--NOMBRE DE PERSONA | |
| Nombre de persona | Alcántara Almánzar, José |
| Fechas asociadas al nombre | 1946- |
| Término indicativo de función/relación | edición |
| 9 (RLIN) | 7018 |
| 700 1# - PUNTO DE ACCESO ADICIONAL--NOMBRE DE PERSONA | |
| Nombre de persona | Soto, Elvis, |
| Término indicativo de función/relación | edición |
| 9 (RLIN) | 12338 |
| 710 2# - PUNTO DE ACCESO ADICIONAL--NOMBRE DE ENTIDAD CORPORATIVA | |
| Nombre de entidad corporativa o nombre de jurisdicción como elemento de entrada | Banco Central de la República Dominicana |
| 9 (RLIN) | 83405 |
| Unidad subordinada | Departamento Cultural |
| 830 0# - PUNTO DE ACCESO ADICIONAL DE SERIE-TÍTULO UNIFORME | |
| Título uniforme | Banco Central de la República Dominicana ; |
| Número de parte o sección de la obra | 193 |
| Nombre de parte o sección de la obra | Nueva literatura económica ; 16 |
| 9 (RLIN) | 84379 |
| 910 ## - DATOS DE OPCIÓN DEL USUARIO (OCLC) | |
| Datos de opción del usuario | Validado. Control de calidad MFF |
| 942 ## - ELEMENTOS DE PUNTO DE ACCESO ADICIONAL (KOHA) | |
| Fuente del sistema de clasificación o colocación | Dewey Decimal Classification |
| Tipo de ítem Koha | Libro |
| 956 ## - LOCALIZACIÓN Y ACCESO ELECTRÓNICOS LOCAL (OCLC) | |
| Nombre del host | VMateo |
